00711cam a22002411 4500001001300000003000400013005001700017008004100034010001700075035002000092040001700112042001200129050002400141100004300165245004300208260004100251300003200292500004800324630003800372752002000410752002200430999001700452he 67000908 DLC20260227111446.0840424s1962 is 000 0 heb  ahe 67000908  a(OCoLC)19151294 aDLCcMHdDLC apremarc00aBS1225b.S367 1912a1 aShvadron, Shalom Mordecai,d1835-1911.10aTekhelet Mordekhai :bʻal ha-Torah... aJerusalem :bPardes,c[1962 or 1963] a53, 152, 2 leaves ;c28 cm. aPhoto-offset of Maramarossziget 1912/13 ed.00aBible.pPentateuchxCommentaries. aRomaniadSighet aIsraeldJerusalem c32366d32366